000 00737nam a2200253 i 4500
003 DO-SdBNP
005 20250502153355.0
007 ta
008 250502b2024 dr c|||| |||| 00| 0 spa d
020 _a9789945801965
040 _aDO-SdBNP
_bspa
_cBNPHU
_erda
041 _hspa
082 4 _axxx
_bxxx
_222
100 _aMañón Angulo, Fausto,
_eautor
_4aut.
_987086
245 1 0 _aNo ignores Esto /
_cFausto Angulo Mañon
264 1 _aSanto Domingo :
_bEditor no identificado,
_c2024.
300 _a73 páginas :
_bretratos ;
_c22 cm.
336 _atexto
_btxt
_2rdacontent
337 _asin mediación
_bn
_2rdamedia
338 _avolumen
_bnc
_2rdacarrier
590 _aInventariado, 2025/BT
910 _aBtavárez
942 _2ddc
_cLBS1
999 _c58266
_d58266